Available copies
- 2 of 2 copies available at LARL/NWRL Consortium.
- 2 of 2 copies available at Lake Agassiz Regional Library. (Show preferred library)
Current holds
0 current holds with 2 total copies.
Show Only Available Copies
| Location | Call Number / Copy Notes | Barcode | Shelving Location | Status | Due Date |
|---|---|---|---|---|---|
| Ada Public Library | KEM (Text) | 33500014388391 | New | Available | - |
| Barnesville Public Library | KEM (Text) | 33500014388409 | New | Available | - |
Record details
- ISBN: 9781250420367
- ISBN: 1250420369
- Physical Description: 260 pages ; 24 cm
- Edition: First edition.
- Publisher: New York : Minotaur Books, [2026]
- Copyright: © 2026
Content descriptions
| General Note: | "A novel." -- Dust jacket. |
| Summary, etc.: | Ex-spy Kendal was one of the best, but now she's ... Read More |
Search for related items by subject
| Subject: | Spies > Fiction. Espionage > Fiction. Single mothers > Fiction. London (England) > Fiction. |
| Genre: | Spy fiction. Thrillers (Fiction) Spy fiction. Thrillers (Fiction) Novels. |
| LDR | 03337cam a22005778i 4500 | ||
|---|---|---|---|
| 001 | 482091 | ||
| 003 | LARL_NWRL_CONSORTIUM | ||
| 005 | 20260602165646.0 | ||
| 008 | 260218t20262026nyu e 000 1 eng | ||
| 010 | . | ‡a 2026007310 | |
| 040 | . | ‡aDLC ‡beng ‡erda ‡cDLC ‡dIG# ‡dBDX ‡dOCLCO ‡dOQX ‡dOCLCO ‡dQS2 ‡dIUK ‡dOCLCO ‡dZGR ‡dJQF ‡dMLSOD | |
| 019 | . | ‡a1541861500 | |
| 020 | . | ‡a9781250420367 ‡q(hardcover) | |
| 020 | . | ‡a1250420369 ‡q(hardcover) | |
| 035 | . | ‡a(OCoLC)1573838893 ‡z(OCoLC)1541861500 | |
| 042 | . | ‡apcc | |
| 082 | 0 | 4. | ‡a823/.92 ‡223 |
| 100 | 1 | . | ‡aKemp, L. M., ‡eauthor. ‡4aut ‡4http://id.loc.gov/vocabulary/relators/aut ‡1http://id.loc.gov/rwo/agents/n2026506127 |
| 245 | 1 | 0. | ‡aI, spy / ‡cL.M. Kemp. |
| 246 | 3 | 4. | ‡aI, spy : ‡bWhen mother is the perfect cover |
| 250 | . | ‡aFirst edition. | |
| 264 | 1. | ‡aNew York : ‡bMinotaur Books, ‡c[2026] | |
| 264 | 4. | ‡c© 2026 | |
| 300 | . | ‡a260 pages ; ‡c24 cm | |
| 336 | . | ‡atext ‡btxt ‡2rdacontent | |
| 337 | . | ‡aunmediated ‡bn ‡2rdamedia | |
| 338 | . | ‡avolume ‡bnc ‡2rdacarrier | |
| 500 | . | ‡a"A novel." -- Dust jacket. | |
| 520 | . | ‡aEx-spy Kendal was one of the best, but now she's wearing the toughest disguise of her career : Mom. Kendal Carter is out in the cold and she wouldn't have it any other way. It's been four years since her daughter Rosie was born and Kendal has kept her miles away from The Game. But when their hiding place is discovered and danger comes too close, Ken is forced to turn to old contacts. Her longtime friend and ex-handler Rico doesn't miss his chance to pull his best player back in. Whisking them to London, Rico offers them a luxury safe house in an area with good schools. How can she resist? But there's a catch, of course. Rico wants Kendal to come back to work for his espionage agency Bon Temps. He's offering a cushy assignment with no apparent downside, running a rookie asset in one of London's biggest, murkiest tech firms. It should be easy enough for someone with her experience, and luckily, mother is the perfect cover. However, it doesn't take long for Kendal to realize that Rico's got an agenda of his own. The tech firm has hands in Rosie's school, and the world of PTAs and playdates comes with its own web of allegiances and betrayals. Kendal soon finds herself in way too deep. | |
| 650 | 0. | ‡aSpies ‡vFiction. ‡0(LARL_NWRL_CONSORTIUM)176180 | |
| 650 | 0. | ‡aEspionage ‡vFiction. | |
| 650 | 0. | ‡aSingle mothers ‡vFiction. ‡0(LARL_NWRL_CONSORTIUM)167259 | |
| 651 | 0. | ‡aLondon (England) ‡vFiction. ‡0(LARL_NWRL_CONSORTIUM)165879 | |
| 655 | 0. | ‡aSpy fiction. | |
| 655 | 0. | ‡aThrillers (Fiction) | |
| 655 | 7. | ‡aSpy fiction. ‡2lcgft | |
| 655 | 7. | ‡aThrillers (Fiction) ‡2lcgft | |
| 655 | 7. | ‡aNovels. ‡2lcgft | |
| 758 | . | ‡1http://id.loc.gov/resources/instances/in00024477160 | |
| 758 | . | ‡4http://id.loc.gov/ontologies/bibframe/instanceOf ‡1http://id.loc.gov/resources/works/in00024477160 | |
| 884 | . | ‡aDLC bibframe2marc v3.1-dev ‡g20260218 ‡qDLC ‡uhttps://github.com/lcnetdev/bibframe2marc/tree/v3.1-dev | |
| 901 | . | ‡a482091 ‡bOCoLC ‡c482091 ‡tbiblio ‡soclc | |

Add to basket
Permalink
Disable Highlighting